00675nam a2200205Ia 4500003000400000005001700004006001900021007000300040008004100043024001000084037001200094040001800106041001300124082002000137110011100157245006900268260000900337650001200346700011100358OSt20221005120858.0a|||||r|||| 00| 0 ta221004b |||||||| |||| 00| 0 eng d a66397 cTextual aCRLcCRLbeng 2engaeng aV73:28tN53, J54 aGovernment of United States.. Commission on organization of the executives branch of the government. 1955. 0aFood and clothing in the government b A report to the congress. c1955 aHISTORY aGovernment of United States.. Commission on organization of the executives branch of the government. 1955.